| 000 | 00634nam a2200169Ia 4500 | ||
|---|---|---|---|
| 005 | 20250117104007.0 | ||
| 008 | 250117s9999 xx 000 0 und d | ||
| 020 | _a978-0842321846 | ||
| 082 | _a650.1JON | ||
| 100 | _aJones, Charles E. | ||
| 245 | 0 | _aLife is tremendous | |
| 260 |
_aIllinois _bTyndale House _c1996 |
||
| 300 | _a85 p. illus. 22 cm. | ||
| 500 | _aIncludes bibliographical references. | ||
| 520 | _aBelieving that enthusiasm makes the difference, Charlie shows how anyone can be happy, involved, relevant, and secure in the midst of a high-pressure, commercialized, automated society. | ||
| 650 | _aSuccess in business. | ||
| 999 |
_c9354 _d9354 |
||